Nick Name | State | % Correct |
---|---|---|
Aloha State • Paradise of the Pacific | Hawaii | 100%
|
Sunshine State | Florida | 95%
|
Grand Canyon State | Arizona | 93%
|
Golden State | California | 93%
|
Wolverine State • Great Lakes State | Michigan | 92%
|
The Last Frontier • Land of the Midnight Sun | Alaska | 89%
|
Empire State | New York | 87%
|
Lone Star State | Texas | 87%
|
The Equality State • The Cowboy State • Big Wyoming | Wyoming | 87%
|
Mt. Rushmore State • Coyote State | South Dakota | 85%
|
Yellowhammer State • Heart of Dixie • Cotton State | Alabama | 84%
|
Peach State • Empire State of the South | Georgia | 84%
|
Show Me State • Gateway to the West • Home of the Blues | Missouri | 84%
|
Hoosier State | Indiana | 82%
|
Prairie State • Land of Lincoln | Illinois | 80%
|
Bluegrass State | Kentucky | 80%
|
North Star State • Land of 10,000 Lakes | Minnesota | 80%
|
Pelican State | Louisiana | 79%
|
Bay State • Old Colony State • Puritan State • Baked Bean State | Massachusetts | 79%
|
Evergreen State | Washington | 79%
|
Diamond State • First State • Small Wonder | Delaware | 75%
|
Sagebrush State • Silver State • Battle Born State | Nevada | 75%
|
Buckeye State | Ohio | 75%
|
Pine Tree State • The Vacation State | Maine | 74%
|
Sunflower State • Jayhawk State | Kansas | 72%
|
The Old Dominion • Mother of Presidents | Virginia | 72%
|
Garden State | New Jersey | 70%
|
Land of Enchantment | New Mexico | 70%
|
Beaver State | Oregon | 70%
|
Magnolia State | Mississippi | 69%
|
Constitution State • Nutmeg State | Connecticut | 66%
|
Gem State | Idaho | 66%
|
Hawkeye State | Iowa | 66%
|
Cornhusker State • Beef State | Nebraska | 66%
|
Sooner State | Oklahoma | 66%
|
Beehive State | Utah | 66%
|
Tar Heel State • Old North State | North Carolina | 64%
|
Volunteer State | Tennessee | 64%
|
Keystone State | Pennsylvania | 62%
|
Palmetto State • Keystone of the South Atlantic Seaboard • The Iodine State • The Rice State | South Carolina | 62%
|
The Centennial State. | Colorado | 61%
|
Treasure State | Montana | 61%
|
Granite State | New Hampshire | 61%
|
The Ocean State | Rhode Island | 61%
|
Green Mountain State | Vermont | 61%
|
The Natural State | Arkansas | 59%
|
Badger State | Wisconsin | 57%
|
Old Line State | Maryland | 54%
|
Peace Garden State • Rough Rider State • Flickertail State | North Dakota | 54%
|
Mountain State | West Virginia | 52%
|
Copyright H Brothers Inc, 2008–2024
Contact Us | Go To Top | View Mobile Site